Amenitní migrace - specifická forma migrace obyvatel
Amenitná migrácia ako špecifický typ ľudskej migrácie, ktorá nie je motivovaná ekonomickou výhodnosťou cieľového územia, ale snahou žiť v hodnotnejšom socio-kultúrnom prostredí. Smerovanie amenitnej migrácie z mestského prostredia na vidiek. Výskum amenitnej migrácie na troch modelových územiach Čes...
Na minha lista:
| Autor principal: | |
|---|---|
| Outros Autores: | , |
| Formato: | Capítulo de Livro |
| Idioma: | tcheco |
| Assuntos: | |
| Tags: |
Sem tags, seja o primeiro a adicionar uma tag!
|
MARC
| LEADER | 00000naa$a2200000$$$4500 | ||
|---|---|---|---|
| 001 | 0111554 | ||
| 005 | 20220714120543.6 | ||
| 041 | 0 | |a cze | |
| 044 | |a CZ | ||
| 245 | 1 | 0 | |a Amenitní migrace - specifická forma migrace obyvatel |c Michael Bartoš, Drahomíra Kušová, Jan Těšitel |
| 520 | |a Amenitná migrácia ako špecifický typ ľudskej migrácie, ktorá nie je motivovaná ekonomickou výhodnosťou cieľového územia, ale snahou žiť v hodnotnejšom socio-kultúrnom prostredí. Smerovanie amenitnej migrácie z mestského prostredia na vidiek. Výskum amenitnej migrácie na troch modelových územiach Českej republiky. Výsledky výskumu poskytli odpovede na otázky - aký je vek migrantov, vzdelanie, typ životného štýlu, spôsob nadobudnutia nehnuteľnosti, dôvody presťahovania sa. | ||
| 610 | 2 | 0 | |a migrácia |
| 610 | 2 | 0 | |a obyvateľstvo |
| 610 | 2 | 0 | |a kraje |
| 610 | 2 | 0 | |a mestá |
| 610 | 2 | 0 | |a vidiek |
| 610 | 2 | 0 | |a štýl životný |
| 610 | 2 | 0 | |a vek |
| 610 | 2 | 0 | |a prieskum informačný |
| 610 | 2 | 0 | |a Česko |
| 100 | 1 | |a Bartoš, Michael | |
| 700 | 1 | |a Kušová, Drahomíra | |
| 700 | 1 | |a Těšitel, Jan | |